Online
Catalog

Compendio del derecho sucesoral romano / (Record no. 1910)

MARC details
000 -CABECERA
campo de control de longitud fija 00903nam a2200289 i 4500
001 - NÚMERO DE CONTROL
campo de control 000002046
003 - IDENTIFICADOR DEL NÚMERO DE CONTROL
campo de control DO-SdBNP
005 - FECHA Y HORA DE LA ÚLTIMA TRANSACCIÓN
campo de control 20260219124458.0
007 - CAMPO FIJO DE DESCRIPCIÓN FÍSICA--INFORMACIÓN GENERAL
campo de control de longitud fija ta
008 - DATOS DE LONGITUD FIJA--INFORMACIÓN GENERAL
campo de control de longitud fija 090630s2002 dr r 000 0 spa d
040 ## - FUENTE DE LA CATALOGACIÓN
Centro catalogador/agencia de origen DO-SdBNP
Lengua de catalogación spa
Centro/agencia transcriptor BNPHU
Normas de descripción rda
041 ## - CÓDIGO DE LENGUA
Código de lengua del texto/banda sonora o título independiente spa
082 ## - NÚMERO DE LA CLASIFICACIÓN DECIMAL DEWEY
Número de clasificación 340.54
Número de documento/Ítem S232c
Número de edición 22
100 ## - ENTRADA PRINCIPAL--NOMBRE DE PERSONA
Nombre de persona Santana Marcano, Miguel Ángel,
Fechas asociadas al nombre 1967-
Término indicativo de función/relación autor
9 (RLIN) 48937
245 10 - MENCIÓN DE TÍTULO
Título Compendio del derecho sucesoral romano /
Mención de responsabilidad, etc. Miguel Ángel Santana Marcano.
264 ## - PRODUCCIÓN, PUBLICACIÓN, DISTRIBUCIÓN, FABRICACIÓN Y COPYRIGHT
Producción, publicación, distribución, fabricación y copyright Santo Domingo :
Nombre del de productor, editor, distribuidor, fabricante La Filantrópica,
Fecha de producción, publicación, distribución, fabricación o copyright 2002.
270 ## - DIRECCIÓN
Dirección Calle Mercedes esq. Hostos, zona colonial
Ciudad Santo Domingo
300 ## - DESCRIPCIÓN FÍSICA
Extensión 30 páginas ;
Dimensiones 20 cm.
336 ## - TIPO DE CONTENIDO
Término de tipo de contenido rdacontent
Código de tipo de contenido texto
Fuente txt
337 ## - TIPO DE MEDIO
Nombre/término del tipo de medio rdamedia
Código del tipo de medio sin mediación
Fuente n
338 ## - TIPO DE SOPORTE
Nombre/término del tipo de soporte rdacarrier
Código del tipo de soporte volumen
Fuente nc
500 ## - NOTA GENERAL
Nota general Incluye índice
590 ## - NOTA LOCAL (RLIN)
Nota local Inventariado 2026/DG
650 #7 - PUNTO DE ACCESO ADICIONAL DE MATERIA--TÉRMINO DE MATERIA
Término de materia o nombre geográfico como elemento de entrada Derecho sucesorio
9 (RLIN) 3573
Fuente del encabezamiento o término LIBRUNAM
910 ## - DATOS DE OPCIÓN DEL USUARIO (OCLC)
Datos de opción del usuario DG
942 ## - ELEMENTOS DE PUNTO DE ACCESO ADICIONAL (KOHA)
Fuente del sistema de clasificación o colocación Dewey Decimal Classification
Tipo de ítem Koha Folleto
Holdings
Estado de retiro Estado de pérdida Fuente del sistema de clasificación o colocación Restricciones de uso No para préstamo Código de colección Localización permanente Ubicación/localización actual Ubicación en estantería Fecha de adquisición Total de préstamos Signatura topográfica completa Código de barras Fecha visto por última vez Número de copia Precio válido a partir de Tipo de ítem Koha Fuente de adquisición Nota pública
    Dewey Decimal Classification Préstamo en sala   Dominicana de Servicio Biblioteca Nacional Pedro Henríquez Ureña Biblioteca Nacional Pedro Henríquez Ureña Depósito 01.12.2009   BNPHU DS 340.54 S232c 2046-30 25.06.2020 e. 3 25.06.2020 Folleto    
    Dewey Decimal Classification Excluido de préstamo   Patrimonio Dominicano Biblioteca Nacional Pedro Henríquez Ureña Biblioteca Nacional Pedro Henríquez Ureña Depósito 30.06.2009   BNPHU PD 340.54 S232c 2046-10 25.06.2020   25.06.2020 Folleto    
    Dewey Decimal Classification Excluido de préstamo   Patrimonio Dominicano Biblioteca Nacional Pedro Henríquez Ureña Biblioteca Nacional Pedro Henríquez Ureña Depósito 30.06.2009   BNPHU PD 340.54 S232c 2046-20 25.06.2020 e. 2 25.06.2020 Folleto    
    Dewey Decimal Classification Préstamo en sala   Dominicana de Servicio Biblioteca Nacional Pedro Henríquez Ureña Biblioteca Nacional Pedro Henríquez Ureña En catalogación 16.01.2026   BNPHU DS 340.54 S232c 2026-0090 16.01.2026 e.4 16.01.2026 Folleto donación Consejo Nacional de Competitividad

Powered by Koha